Catalog

Record Details

Catalog Search



Not this bear / Alyssa Satin Capucilli ; ... Read More

Available copies

  • 4 of 4 copies available at LARL/NWRL Consortium.
  • 1 of 1 copy available at Lake Agassiz Regional Library. (Show preferred library)

Current holds

0 current holds with 4 total copies.

Show Only Available Copies
Location Call Number / Copy Notes Barcode Shelving Location Status Due Date
Detroit Lakes Public Library E C (Text) 33500012162939 Main Available -
Godel Memorial-Warren Library e CAP (Text) 35500005665045 Main Available -
Greenbush Public Library e CAP (Text) 35500005665185 Main Available -
Roseau Public Library e CAP (Text) 35500005665094 Main Available -

Record details

  • ISBN: 9780805098969
  • ISBN: 0805098968
  • Physical Description: 1 volume (unpaged) : color illustrations ; 24 cm
  • Edition: First edition.
  • Publisher: New York : Henry Holt and Company, 2015.

Content descriptions

Summary, etc.:
"It's Bear's first day of school, and he's a bit ... Read More
Subject: First day of school > Fiction.
Schools > Fiction.
Bears > Fiction.
First day of school > Juvenile fiction.
Schools > Juvenile fiction.
Bears > Juvenile fiction.
Bears
First day of school.
Schools.
Genre: Fiction.
Juvenile works.
LDR 02674cam a2200541 i 4500
001184589
003LARL_NWRL_CONSORTIUM
00520150918093408.0
008140806s2015 nyua j 000 1 eng
010 . ‡a2014028525
020 . ‡a9780805098969
020 . ‡a0805098968
035 . ‡a(OCoLC)885547252
040 . ‡aDLC ‡beng ‡erda ‡cDLC ‡dIG# ‡dOJ4 ‡dYDXCP ‡dBTCTA ‡dBDX ‡dKTP ‡dOCLCF ‡dEHH ‡dVP@
042 . ‡alcac ‡apcc
05000. ‡aPZ7.C179 ‡bNo 2015
08200. ‡a[E] ‡223
1001 . ‡aCapucilli, Alyssa Satin, ‡d1957- ‡0(LARL_NWRL_CONSORTIUM)108951
24510. ‡aNot this bear / ‡cAlyssa Satin Capucilli ; illustrated by Lorna Hussey.
24634. ‡aNot this bear : ‡ba first day of school story
250 . ‡aFirst edition.
264 1. ‡aNew York : ‡bHenry Holt and Company, ‡c2015.
300 . ‡a1 volume (unpaged) : ‡bcolor illustrations ; ‡c24 cm
336 . ‡atext ‡2rdacontent
336 . ‡astill image ‡2rdacontent
337 . ‡aunmediated ‡2rdamedia
338 . ‡avolume ‡2rdacarrier
520 . ‡a"It's Bear's first day of school, and he's a bit reluctant to go. Mama says all bears love school; Bear isn't so sure. But school turns out to be full of fun--painting pictures, listening to stories, and making new friends. Maybe this bear will like school after all"-- ‡cProvided by publisher.
650 1. ‡aFirst day of school ‡vFiction.
650 1. ‡aSchools ‡vFiction. ‡0(LARL_NWRL_CONSORTIUM)167222
650 1. ‡aBears ‡vFiction. ‡0(LARL_NWRL_CONSORTIUM)168958
650 0. ‡aFirst day of school ‡vJuvenile fiction. ‡0(LARL_NWRL_CONSORTIUM)172117
650 0. ‡aSchools ‡vJuvenile fiction. ‡0(LARL_NWRL_CONSORTIUM)167227
650 0. ‡aBears ‡vJuvenile fiction. ‡0(LARL_NWRL_CONSORTIUM)163670
650 7. ‡2fast ‡aBears ‡0(LARL_NWRL_CONSORTIUM)14764
650 7. ‡aFirst day of school. ‡2fast ‡0(LARL_NWRL_CONSORTIUM)40692
650 7. ‡aSchools. ‡2fast ‡0(LARL_NWRL_CONSORTIUM)30355
655 7. ‡aFiction. ‡2fast
655 7. ‡aJuvenile works. ‡2fast
7001 . ‡aHussey, Lorna, ‡eillustrator.
901 . ‡a184589 ‡bOCLC ‡c184589 ‡tbiblio

Additional Resources